[Event "RSSU-18 op"]
[Site "Moscow"]
[Date "2009.10.24"]
[Round "5"]
[White "Matyushin, Lev"]
[Black "Geivondian, Arman"]
[Result "0-1"]
[WhiteElo "1845"]
[BlackElo "1919"]
[PlyCount "88"]
[EventDate "2009.10.17"]
[EventType "swiss"]
[EventRounds "9"]
[EventCountry "RUS"]
[SourceTitle "EXT 2022"]
[Source "ChessBase"]
[SourceDate "2021.10.06"]
[SourceVersion "1"]
[SourceVersionDate "2021.10.06"]
[SourceQuality "1"]

1. e4 e6 2. f4 d5 3. e5 c5 4. d4 cxd4 5. Qxd4 Nc6 6. Qa4 Bd7 7. Bb5 Bc5 8. c3 Bxg1 9. Rxg1 Qh4+ 10. g3 Qxh2 11. Be3 Qxb2 12. Qb3 Qxb3 13. axb3 Nxe5 14. Bxd7+ Nxd7 15. Rxa7 Rxa7 16. Bxa7 b6 17. Na3 Ngf6 18. c4 Ke7 19. Rg2 Ra8 20. Nb5 Ne4 21. cxd5 Nd6 22. Nxd6 Kxd6 23. dxe6 fxe6 24. Rd2+ Kc7 25. Rxd7+ Kxd7 26. Bxb6 Rb8 27. Bd4 Rxb3 28. Bxg7 Rxg3 29. Be5 Re3+ 30. Kf2 Rxe5 31. fxe5 Kc6 32. Ke3 Kd5 33. Kf4 Kd4 34. Kf3 Kxe5 35. Ke3 h5 36. Kf3 Kf5 37. Ke3 e5 38. Kf3 e4+ 39. Ke3 h4 40. Kf2 Kf4 41. Ke2 e3 42. Kf1 Kf3 43. Ke1 h3 44. Kf1 h2 0-1

[Event "Moscow op-B"]
[Site "Moscow"]
[Date "2009.02.03"]
[Round "4"]
[White "Matyushin, Lev"]
[Black "Baskakov, Nikolay"]
[Result "0-1"]
[WhiteElo "1865"]
[BlackElo "2055"]
[PlyCount "82"]
[EventDate "2009.01.31"]
[EventType "swiss"]
[EventRounds "9"]
[EventCountry "RUS"]
[SourceTitle "EXT 2012"]
[Source "ChessBase"]
[SourceDate "2011.11.24"]
[SourceVersion "1"]
[SourceVersionDate "2011.11.24"]
[SourceQuality "1"]

1. d4 Nf6 2. Nf3 d5 3. e3 Bg4 4. c4 e6 5. Be2 c6 6. 0-0 Bd6 7. cxd5 exd5 8. Ne5 Bf5 9. Bd3 Bxd3 10. Qxd3 0-0 11. Nc3 Re8 12. f4 Nbd7 13. Rf3 Rc8 14. Rh3 Nf8 15. Bd2 b5 16. a3 a5 17. g4 b4 18. axb4 axb4 19. Nd1 Ne4 20. Nf2 f6 21. Nxe4 fxe5 22. Nxd6 Qxd6 23. fxe5 Qe7 24. Rf1 Ng6 25. Qf5 Rf8 26. Qh5 Rxf1+ 27. Kxf1 Nf8 28. Qf5 Ra8 29. Rf3 Ng6 30. Qh5 c5 31. Rh3 Nf8 32. Rf3 c4 33. Qf5 Ng6 34. Qh5 Ra2 35. Qf5 Rxb2 36. Qc8+ Nf8 37. e6 Rxd2 38. Rf7 Qd6 39. e7 Kxf7 40. exf8Q+ Qxf8 41. Qb7+ Kg8+ 0-1